[Event "Juba olympiad qual"]
[Site "Juba"]
[Date "2022.05.17"]
[Round "11"]
[White "Manyok, Chaderek P"]
[Black "Madol, Garang Panthoum"]
[Result "0-1"]
[WhiteElo "2020"]
[BlackElo "1851"]
[PlyCount "59"]
[EventDate "2022.05.10"]
[EventType "tourn"]
[EventRounds "11"]
[EventCountry "SUD"]
[SourceTitle "CBM 208 Extra"]
[Source "ChessBase"]
[SourceDate "2022.07.31"]
[SourceVersion "1"]
[SourceVersionDate "2022.07.31"]
[SourceQuality "1"]

1. c4 e5 2. g3 f5 3. Bg2 Nc6 4. d3 Nf6 5. Nc3 Be7 6. e3 0-0 7. Nge2 d6 8. a3 Be6 9. Qc2 d5 10. b3 Kh8 11. Bb2 a5 12. 0-0 Qd7 13. Rad1 Rad8 14. Nb5 Qc8 15. h3 h6 16. f4 e4 17. Bxf6 Bxf6 18. dxe4 dxe4 19. Nec3 Ne7 20. Rxd8 Rxd8 21. Rd1 Rxd1+ 22. Qxd1 c6 23. Nd4 Bf7 24. Bf1 Qd7 25. Na4 Qc7 26. Nc5 Qd6 27. b4 b6 28. Ncb3 a4 29. Nc1 Qd8 30. c5 0-1

[Event "Juba olympiad qual"]
[Site "Juba"]
[Date "2022.05.15"]
[Round "7"]
[White "Manyok, Chaderek P"]
[Black "Rehan, Deng Cypriano"]
[Result "1-0"]
[WhiteElo "2020"]
[BlackElo "2109"]
[PlyCount "71"]
[EventDate "2022.05.10"]
[EventType "tourn"]
[EventRounds "11"]
[EventCountry "SUD"]
[SourceTitle "CBM 208 Extra"]
[Source "ChessBase"]
[SourceDate "2022.07.31"]
[SourceVersion "1"]
[SourceVersionDate "2022.07.31"]
[SourceQuality "1"]

1. e4 c6 2. Nf3 d5 3. Nc3 dxe4 4. Nxe4 Bf5 5. Ng3 Bg6 6. h4 h6 7. Ne5 Bh7 8. Qh5 g6 9. Qf3 Nf6 10. Qb3 Qd5 11. Qxb7 Qxe5+ 12. Be2 e6 13. Qxa8 Bc5 14. Qb7 0-0 15. Qb3 Nbd7 16. Qf3 h5 17. c3 Qc7 18. d4 Bd6 19. Bg5 Ng4 20. Ne4 f6 21. Bd2 e5 22. Qd3 exd4 23. cxd4 Bf4 24. Bxf4 Qxf4 25. g3 Qf5 26. 0-0 Kh8 27. Nc5 Qd5 28. Nxd7 Qxd7 29. Qc3 g5 30. hxg5 fxg5 31. d5+ Nf6 32. dxc6 Qc7 33. Rad1 Bf5 34. Qc5 Qc8 35. Ba6 Qe8 36. Qxf5 1-0